<?xml version="1.0" encoding="UTF-8"?>
<collection xmlns="http://www.loc.gov/MARC21/slim">
 <record>
  <leader>06567cam a2201189   4500</leader>
  <controlfield tag="001">687737478</controlfield>
  <controlfield tag="003">DE-627</controlfield>
  <controlfield tag="005">20241005113505.0</controlfield>
  <controlfield tag="007">tu</controlfield>
  <controlfield tag="008">120229s2012    gw ||||| c    00| ||ger c</controlfield>
  <datafield tag="015" ind1=" " ind2=" ">
   <subfield code="a">12,N09</subfield>
   <subfield code="2">dnb</subfield>
  </datafield>
  <datafield tag="015" ind1=" " ind2=" ">
   <subfield code="a">12,N09</subfield>
   <subfield code="2">dnb</subfield>
  </datafield>
  <datafield tag="016" ind1="7" ind2=" ">
   <subfield code="a">1020111372</subfield>
   <subfield code="2">DE-101</subfield>
  </datafield>
  <datafield tag="020" ind1=" " ind2=" ">
   <subfield code="a">9783863351519</subfield>
   <subfield code="c">Pb. : EUR 28.00 (DE), EUR 28.80 (AT)</subfield>
   <subfield code="9">978-3-86335-151-9</subfield>
  </datafield>
  <datafield tag="024" ind1="3" ind2=" ">
   <subfield code="a">9783863351519</subfield>
  </datafield>
  <datafield tag="035" ind1=" " ind2=" ">
   <subfield code="a">(DE-627)687737478</subfield>
  </datafield>
  <datafield tag="035" ind1=" " ind2=" ">
   <subfield code="a">(DE-576)362077851</subfield>
  </datafield>
  <datafield tag="035" ind1=" " ind2=" ">
   <subfield code="a">(DE-599)DNB1020111372</subfield>
  </datafield>
  <datafield tag="035" ind1=" " ind2=" ">
   <subfield code="a">(OCoLC)839097739</subfield>
  </datafield>
  <datafield tag="035" ind1=" " ind2=" ">
   <subfield code="a">(OCoLC)785843694</subfield>
  </datafield>
  <datafield tag="040" ind1=" " ind2=" ">
   <subfield code="a">DE-627</subfield>
   <subfield code="b">ger</subfield>
   <subfield code="c">DE-627</subfield>
   <subfield code="e">rakwb</subfield>
  </datafield>
  <datafield tag="041" ind1=" " ind2=" ">
   <subfield code="a">ger</subfield>
  </datafield>
  <datafield tag="044" ind1=" " ind2=" ">
   <subfield code="c">XA-DE-NW</subfield>
  </datafield>
  <datafield tag="082" ind1="0" ind2=" ">
   <subfield code="a">700</subfield>
   <subfield code="q">BSZ</subfield>
  </datafield>
  <datafield tag="082" ind1="0" ind2=" ">
   <subfield code="a">701.18092</subfield>
  </datafield>
  <datafield tag="082" ind1="0" ind2="4">
   <subfield code="a">700</subfield>
   <subfield code="a">060</subfield>
   <subfield code="q">DNB</subfield>
  </datafield>
  <datafield tag="082" ind1="0" ind2="4">
   <subfield code="a">700</subfield>
  </datafield>
  <datafield tag="084" ind1=" " ind2=" ">
   <subfield code="a">6,14</subfield>
   <subfield code="a">9,10</subfield>
   <subfield code="2">ssgn</subfield>
  </datafield>
  <datafield tag="084" ind1=" " ind2=" ">
   <subfield code="a">9,10</subfield>
   <subfield code="a">6,14</subfield>
   <subfield code="2">ssgn</subfield>
  </datafield>
  <datafield tag="084" ind1=" " ind2=" ">
   <subfield code="a">LF 8550</subfield>
   <subfield code="2">rvk</subfield>
   <subfield code="0">(DE-625)rvk/92018:</subfield>
  </datafield>
  <datafield tag="084" ind1=" " ind2=" ">
   <subfield code="a">LH 63635</subfield>
   <subfield code="2">rvk</subfield>
   <subfield code="0">(DE-625)rvk/94408:</subfield>
  </datafield>
  <datafield tag="084" ind1=" " ind2=" ">
   <subfield code="a">20.01</subfield>
   <subfield code="2">bkl</subfield>
  </datafield>
  <datafield tag="084" ind1=" " ind2=" ">
   <subfield code="a">20.06</subfield>
   <subfield code="2">bkl</subfield>
  </datafield>
  <datafield tag="084" ind1=" " ind2=" ">
   <subfield code="a">15.07</subfield>
   <subfield code="2">bkl</subfield>
  </datafield>
  <datafield tag="245" ind1="1" ind2="4">
   <subfield code="a">Die entfesselte Antike</subfield>
   <subfield code="b">Aby Warburg und die Geburt der Pathosformel ; [... anlässlich der Ausstellung &quot;Die entfesselte Antike. Aby Warburg und die Geburt der Pathosformel&quot;, Wallraf-Richartz-Museum &amp; Fondation Corboud, Köln, 1. März bis 28. Mai 2012]</subfield>
   <subfield code="c">Marcus Andrew Hurttig in Zsarb. mit Thomas Ketelsen. Mit Beitr. von Ulrich Rehm ...</subfield>
  </datafield>
  <datafield tag="250" ind1=" " ind2=" ">
   <subfield code="a">Veränd., überarb., und erw. Neuaufl.</subfield>
  </datafield>
  <datafield tag="264" ind1=" " ind2="1">
   <subfield code="a">Köln</subfield>
   <subfield code="b">König</subfield>
   <subfield code="c">2012</subfield>
  </datafield>
  <datafield tag="300" ind1=" " ind2=" ">
   <subfield code="a">147 S.</subfield>
   <subfield code="b">zahlr. Ill.</subfield>
   <subfield code="c">23 cm</subfield>
  </datafield>
  <datafield tag="336" ind1=" " ind2=" ">
   <subfield code="a">Text</subfield>
   <subfield code="b">txt</subfield>
   <subfield code="2">rdacontent</subfield>
  </datafield>
  <datafield tag="336" ind1=" " ind2=" ">
   <subfield code="a">unbewegtes Bild</subfield>
   <subfield code="b">sti</subfield>
   <subfield code="2">rdacontent</subfield>
  </datafield>
  <datafield tag="337" ind1=" " ind2=" ">
   <subfield code="a">ohne Hilfsmittel zu benutzen</subfield>
   <subfield code="b">n</subfield>
   <subfield code="2">rdamedia</subfield>
  </datafield>
  <datafield tag="338" ind1=" " ind2=" ">
   <subfield code="a">Band</subfield>
   <subfield code="b">nc</subfield>
   <subfield code="2">rdacarrier</subfield>
  </datafield>
  <datafield tag="500" ind1=" " ind2=" ">
   <subfield code="a">Es handelt sich um die ... Neuaufl. des Katalogs zur Ausstellung &quot;Die entfesselte Antike. Aby Warburg und die Geburt der Pathosformel in Hamburg&quot;, Hamburger Kunsthalle, 27. März bis 26. Juni 2011</subfield>
  </datafield>
  <datafield tag="583" ind1="1" ind2=" ">
   <subfield code="a">Archivierung/Langzeitarchivierung gewährleistet</subfield>
   <subfield code="f">SSG</subfield>
   <subfield code="x">XA-DE-BW</subfield>
   <subfield code="2">pdager</subfield>
   <subfield code="5">DE-16</subfield>
  </datafield>
  <datafield tag="653" ind1=" " ind2=" ">
   <subfield code="a">Aby Warburg</subfield>
  </datafield>
  <datafield tag="653" ind1=" " ind2=" ">
   <subfield code="a">Antike</subfield>
  </datafield>
  <datafield tag="653" ind1=" " ind2=" ">
   <subfield code="a">Book</subfield>
  </datafield>
  <datafield tag="653" ind1=" " ind2=" ">
   <subfield code="a">Wallraf-Richartz-Museum</subfield>
  </datafield>
  <datafield tag="655" ind1=" " ind2="7">
   <subfield code="a">Aufsatzsammlung</subfield>
   <subfield code="0">(DE-588)4143413-4</subfield>
   <subfield code="0">(DE-627)105605727</subfield>
   <subfield code="0">(DE-576)209726091</subfield>
   <subfield code="2">gnd-content</subfield>
  </datafield>
  <datafield tag="655" ind1=" " ind2="7">
   <subfield code="a">Quelle</subfield>
   <subfield code="0">(DE-588)4135952-5</subfield>
   <subfield code="0">(DE-627)105661236</subfield>
   <subfield code="0">(DE-576)209665084</subfield>
   <subfield code="2">gnd-content</subfield>
  </datafield>
  <datafield tag="655" ind1=" " ind2="7">
   <subfield code="a">Ausstellungskatalog</subfield>
   <subfield code="0">(DE-588)4135467-9</subfield>
   <subfield code="0">(DE-627)10566491X</subfield>
   <subfield code="0">(DE-576)209660988</subfield>
   <subfield code="2">gnd-content</subfield>
  </datafield>
  <datafield tag="689" ind1="0" ind2="0">
   <subfield code="d">p</subfield>
   <subfield code="0">(DE-588)11862914X</subfield>
   <subfield code="0">(DE-627)137813589</subfield>
   <subfield code="0">(DE-576)209154268</subfield>
   <subfield code="a">Warburg, Aby</subfield>
   <subfield code="d">1866-1929</subfield>
   <subfield code="2">gnd</subfield>
  </datafield>
  <datafield tag="689" ind1="0" ind2=" ">
   <subfield code="5">DE-101</subfield>
  </datafield>
  <datafield tag="689" ind1="1" ind2="0">
   <subfield code="d">s</subfield>
   <subfield code="0">(DE-588)4114333-4</subfield>
   <subfield code="0">(DE-627)105822957</subfield>
   <subfield code="0">(DE-576)209483733</subfield>
   <subfield code="a">Kunst</subfield>
   <subfield code="2">gnd</subfield>
  </datafield>
  <datafield tag="689" ind1="1" ind2="1">
   <subfield code="d">s</subfield>
   <subfield code="0">(DE-588)4068754-5</subfield>
   <subfield code="0">(DE-627)106105086</subfield>
   <subfield code="0">(DE-576)209174544</subfield>
   <subfield code="a">Antike</subfield>
   <subfield code="2">gnd</subfield>
  </datafield>
  <datafield tag="689" ind1="1" ind2="2">
   <subfield code="d">s</subfield>
   <subfield code="0">(DE-588)4049716-1</subfield>
   <subfield code="0">(DE-627)104675152</subfield>
   <subfield code="0">(DE-576)209083182</subfield>
   <subfield code="a">Rezeption</subfield>
   <subfield code="2">gnd</subfield>
  </datafield>
  <datafield tag="689" ind1="1" ind2="3">
   <subfield code="d">s</subfield>
   <subfield code="0">(DE-588)4114333-4</subfield>
   <subfield code="0">(DE-627)105822957</subfield>
   <subfield code="0">(DE-576)209483733</subfield>
   <subfield code="a">Kunst</subfield>
   <subfield code="2">gnd</subfield>
  </datafield>
  <datafield tag="689" ind1="1" ind2="4">
   <subfield code="d">s</subfield>
   <subfield code="0">(DE-588)4049450-0</subfield>
   <subfield code="0">(DE-627)104117257</subfield>
   <subfield code="0">(DE-576)209082151</subfield>
   <subfield code="a">Renaissance</subfield>
   <subfield code="2">gnd</subfield>
  </datafield>
  <datafield tag="689" ind1="1" ind2=" ">
   <subfield code="5">DE-101</subfield>
  </datafield>
  <datafield tag="689" ind1="2" ind2="0">
   <subfield code="d">p</subfield>
   <subfield code="0">(DE-588)11862914X</subfield>
   <subfield code="0">(DE-627)137813589</subfield>
   <subfield code="0">(DE-576)209154268</subfield>
   <subfield code="a">Warburg, Aby</subfield>
   <subfield code="d">1866-1929</subfield>
   <subfield code="2">gnd</subfield>
  </datafield>
  <datafield tag="689" ind1="2" ind2="1">
   <subfield code="d">b</subfield>
   <subfield code="0">(DE-588)2013051-X</subfield>
   <subfield code="0">(DE-627)101782063</subfield>
   <subfield code="0">(DE-576)19167494X</subfield>
   <subfield code="a">Hamburger Kunsthalle</subfield>
   <subfield code="2">gnd</subfield>
  </datafield>
  <datafield tag="689" ind1="2" ind2="2">
   <subfield code="d">s</subfield>
   <subfield code="0">(DE-588)4033628-1</subfield>
   <subfield code="0">(DE-627)106256459</subfield>
   <subfield code="0">(DE-576)209002891</subfield>
   <subfield code="a">Kunstausstellung</subfield>
   <subfield code="2">gnd</subfield>
  </datafield>
  <datafield tag="689" ind1="2" ind2="3">
   <subfield code="a">z</subfield>
   <subfield code="2">gnd</subfield>
   <subfield code="a">Geschichte 1905</subfield>
  </datafield>
  <datafield tag="689" ind1="2" ind2=" ">
   <subfield code="5">DE-101</subfield>
  </datafield>
  <datafield tag="689" ind1="3" ind2="0">
   <subfield code="d">p</subfield>
   <subfield code="0">(DE-588)11862914X</subfield>
   <subfield code="0">(DE-627)137813589</subfield>
   <subfield code="0">(DE-576)209154268</subfield>
   <subfield code="a">Warburg, Aby</subfield>
   <subfield code="d">1866-1929</subfield>
   <subfield code="2">gnd</subfield>
  </datafield>
  <datafield tag="689" ind1="3" ind2="1">
   <subfield code="d">s</subfield>
   <subfield code="0">(DE-588)4000626-8</subfield>
   <subfield code="0">(DE-627)106400541</subfield>
   <subfield code="0">(DE-576)208838821</subfield>
   <subfield code="a">Ästhetik</subfield>
   <subfield code="2">gnd</subfield>
  </datafield>
  <datafield tag="689" ind1="3" ind2=" ">
   <subfield code="5">(DE-627)</subfield>
  </datafield>
  <datafield tag="700" ind1="1" ind2=" ">
   <subfield code="a">Hurttig, Marcus Andrew</subfield>
   <subfield code="d">1974-</subfield>
   <subfield code="0">(DE-588)139544224</subfield>
   <subfield code="0">(DE-627)656806745</subfield>
   <subfield code="0">(DE-576)327786388</subfield>
   <subfield code="4">oth</subfield>
  </datafield>
  <datafield tag="700" ind1="1" ind2=" ">
   <subfield code="a">Ketelsen, Thomas</subfield>
   <subfield code="d">1955-</subfield>
   <subfield code="e">Hrsg.</subfield>
   <subfield code="0">(DE-588)1021373664</subfield>
   <subfield code="0">(DE-627)689785291</subfield>
   <subfield code="0">(DE-576)166652407</subfield>
   <subfield code="4">edt</subfield>
  </datafield>
  <datafield tag="700" ind1="1" ind2=" ">
   <subfield code="a">Rehm, Ulrich</subfield>
   <subfield code="d">1964-</subfield>
   <subfield code="0">(DE-588)124404766</subfield>
   <subfield code="0">(DE-627)363324100</subfield>
   <subfield code="0">(DE-576)294156593</subfield>
   <subfield code="4">oth</subfield>
  </datafield>
  <datafield tag="700" ind1="1" ind2=" ">
   <subfield code="a">Wedepohl, Claudia</subfield>
   <subfield code="d">1965-</subfield>
   <subfield code="0">(DE-588)1033391190</subfield>
   <subfield code="0">(DE-627)741152177</subfield>
   <subfield code="0">(DE-576)380989174</subfield>
   <subfield code="4">oth</subfield>
  </datafield>
  <datafield tag="700" ind1="1" ind2=" ">
   <subfield code="a">Warburg, Aby</subfield>
   <subfield code="d">1866-1929</subfield>
   <subfield code="0">(DE-588)11862914X</subfield>
   <subfield code="0">(DE-627)137813589</subfield>
   <subfield code="0">(DE-576)209154268</subfield>
   <subfield code="4">oth</subfield>
  </datafield>
  <datafield tag="710" ind1="2" ind2=" ">
   <subfield code="a">Hamburger Kunsthalle</subfield>
   <subfield code="0">(DE-588)2013051-X</subfield>
   <subfield code="0">(DE-627)101782063</subfield>
   <subfield code="0">(DE-576)19167494X</subfield>
   <subfield code="4">oth</subfield>
  </datafield>
  <datafield tag="710" ind1="2" ind2=" ">
   <subfield code="a">Wallraf-Richartz-Museum</subfield>
   <subfield code="0">(DE-588)2026220-6</subfield>
   <subfield code="0">(DE-627)10222076X</subfield>
   <subfield code="0">(DE-576)191784834</subfield>
   <subfield code="4">oth</subfield>
  </datafield>
  <datafield tag="710" ind1="2" ind2=" ">
   <subfield code="a">Wallraf-Richartz-Museum &amp; Fondation Corboud</subfield>
   <subfield code="0">(DE-588)10073784-5</subfield>
   <subfield code="0">(DE-627)380123509</subfield>
   <subfield code="0">(DE-576)199779236</subfield>
   <subfield code="4">oth</subfield>
  </datafield>
  <datafield tag="711" ind1="2" ind2=" ">
   <subfield code="a">Ausstellung Die Entfesselte Antike. Aby Warburg und die Geburt der Pathosformel in Hamburg</subfield>
   <subfield code="d">2011 - 2012</subfield>
   <subfield code="c">Hamburg; Köln</subfield>
   <subfield code="0">(DE-588)16107867-9</subfield>
   <subfield code="0">(DE-627)655964282</subfield>
   <subfield code="0">(DE-576)340061065</subfield>
   <subfield code="4">oth</subfield>
  </datafield>
  <datafield tag="787" ind1="0" ind2="8">
   <subfield code="i">Rezensiert in</subfield>
   <subfield code="a">Büttner-Kirschner, Katharina, 1961 - </subfield>
   <subfield code="t">[Rezension von: Marcus Andrew Hurttig, Die entfesselte Antike. Aby Warburg und die Geburt der Pathosformel]</subfield>
   <subfield code="d">2013</subfield>
   <subfield code="w">(DE-627)1801010145</subfield>
  </datafield>
  <datafield tag="856" ind1="4" ind2="2">
   <subfield code="u">http://www.gbv.de/dms/weimar/toc/687737478_toc.pdf</subfield>
   <subfield code="m">V:DE-601</subfield>
   <subfield code="m">B:DE-Wim2</subfield>
   <subfield code="x">Verlag</subfield>
   <subfield code="y">Inhaltsverzeichnis</subfield>
   <subfield code="3">Inhaltsverzeichnis</subfield>
  </datafield>
  <datafield tag="856" ind1="4" ind2="2">
   <subfield code="u">http://deposit.dnb.de/cgi-bin/dokserv?id=3984245&amp;prov=M&amp;dok_var=1&amp;dok_ext=htm</subfield>
   <subfield code="m">X: MVB</subfield>
   <subfield code="q">text/html</subfield>
   <subfield code="v">2013-05-01</subfield>
   <subfield code="x">Verlag</subfield>
   <subfield code="3">Inhaltstext</subfield>
  </datafield>
  <datafield tag="856" ind1="4" ind2="2">
   <subfield code="u">https://swbplus.bsz-bw.de/bsz362077851rez.htm</subfield>
   <subfield code="m">B:DE-576;DE-16</subfield>
   <subfield code="q">application/pdf</subfield>
   <subfield code="v">20130719121227</subfield>
   <subfield code="x">Verlag</subfield>
   <subfield code="3">Rezension</subfield>
  </datafield>
  <datafield tag="856" ind1="4" ind2="2">
   <subfield code="u">http://www.sehepunkte.de/2013/07/23053.html</subfield>
   <subfield code="m">V:DE-576;X:Sehepunkte</subfield>
   <subfield code="q">text/html</subfield>
   <subfield code="v">20180417093422</subfield>
   <subfield code="3">Rezension</subfield>
  </datafield>
  <datafield tag="935" ind1=" " ind2=" ">
   <subfield code="i">Blocktest</subfield>
  </datafield>
  <datafield tag="936" ind1="r" ind2="v">
   <subfield code="a">LF 8550</subfield>
   <subfield code="b">Hamburg</subfield>
   <subfield code="k">Klassische Archäologie</subfield>
   <subfield code="k">Museen - Sammlungen - Ausstellungen</subfield>
   <subfield code="k">Kataloge von Ausstellungen</subfield>
   <subfield code="k">Orte H</subfield>
   <subfield code="k">Hamburg</subfield>
   <subfield code="0">(DE-627)1272258114</subfield>
   <subfield code="0">(DE-625)rvk/92018:</subfield>
   <subfield code="0">(DE-576)202258114</subfield>
  </datafield>
  <datafield tag="936" ind1="r" ind2="v">
   <subfield code="a">LH 63635</subfield>
   <subfield code="b">Warburg, Aby</subfield>
   <subfield code="k">Kunstgeschichte</subfield>
   <subfield code="k">Allgemeines. Allgemeine Kunstgeschichte</subfield>
   <subfield code="k">Geschichte der Kunstwissenschaft</subfield>
   <subfield code="k">Schriften über Kunsthistoriker</subfield>
   <subfield code="k">Einzeldarstellungen (Autobiografien,Biografien, Festansprachen, Leichenreden, Nachrufe u. dergl.)</subfield>
   <subfield code="k">Namen W</subfield>
   <subfield code="k">Warburg, Aby</subfield>
   <subfield code="0">(DE-627)1271293307</subfield>
   <subfield code="0">(DE-625)rvk/94408:</subfield>
   <subfield code="0">(DE-576)201293307</subfield>
  </datafield>
  <datafield tag="936" ind1="b" ind2="k">
   <subfield code="a">20.01</subfield>
   <subfield code="j">Geschichte der Kunstwissenschaften</subfield>
   <subfield code="0">(DE-627)106406485</subfield>
  </datafield>
  <datafield tag="936" ind1="b" ind2="k">
   <subfield code="a">20.06</subfield>
   <subfield code="j">Kunstphilosophie</subfield>
   <subfield code="j">Kunsttheorie</subfield>
   <subfield code="0">(DE-627)10641433X</subfield>
  </datafield>
  <datafield tag="936" ind1="b" ind2="k">
   <subfield code="a">15.07</subfield>
   <subfield code="j">Kulturgeschichte</subfield>
   <subfield code="0">(DE-627)181569620</subfield>
  </datafield>
  <datafield tag="951" ind1=" " ind2=" ">
   <subfield code="a">BO</subfield>
  </datafield>
  <datafield tag="990" ind1=" " ind2=" ">
   <subfield code="a">Warburg, Aby</subfield>
  </datafield>
  <datafield tag="990" ind1=" " ind2=" ">
   <subfield code="a">Kunst</subfield>
  </datafield>
  <datafield tag="990" ind1=" " ind2=" ">
   <subfield code="a">Antike</subfield>
  </datafield>
  <datafield tag="990" ind1=" " ind2=" ">
   <subfield code="a">Rezeption</subfield>
  </datafield>
  <datafield tag="990" ind1=" " ind2=" ">
   <subfield code="a">Kunst</subfield>
  </datafield>
  <datafield tag="990" ind1=" " ind2=" ">
   <subfield code="a">Renaissance</subfield>
  </datafield>
  <datafield tag="990" ind1=" " ind2=" ">
   <subfield code="a">Warburg, Aby</subfield>
  </datafield>
  <datafield tag="990" ind1=" " ind2=" ">
   <subfield code="a">Hamburger Kunsthalle</subfield>
  </datafield>
  <datafield tag="990" ind1=" " ind2=" ">
   <subfield code="a">Kunstausstellung</subfield>
  </datafield>
  <datafield tag="990" ind1=" " ind2=" ">
   <subfield code="a">Geschichte 1905</subfield>
  </datafield>
  <datafield tag="990" ind1=" " ind2=" ">
   <subfield code="a">Warburg, Aby</subfield>
  </datafield>
  <datafield tag="990" ind1=" " ind2=" ">
   <subfield code="a">Ästhetik</subfield>
  </datafield>
  <datafield tag="991" ind1=" " ind2=" ">
   <subfield code="a">Rezensiertes Werk</subfield>
  </datafield>
  <datafield tag="999" ind1=" " ind2=" ">
   <subfield code="a">KXP-PPN687737478</subfield>
   <subfield code="e">4179797054</subfield>
  </datafield>
 </record>
</collection>
